Unit 2 Congress Vocab Part 1 - Statistics

General Stats
  • This quiz has been taken 96 times
  • The average score is 14 of 15
Answer Stats
Hint Answer % Correct
stalling tactic done in the senate to delay a vote on legislation filibuster
98%
the __ is the lower chamber that is based on represenation, serve 2 year terms, represent a district in a state, has 435 members, speaker is the leader, all tax revenue bills start here, has more rules and limited debate house
96%
when you formally charge a politician of wrongdoing is called impeachment
96%
the __ is the upperchamber that each state has 2, serve 6 year terms, represent the entire state, has 100 members, majority leader is the leader, they ratify treaties, confirm presidnetial appointees, has less rules and unlimited debate senate
96%
a bill can pass congress with a __ vote majority
94%
the person in charge of the house of representatives speaker
94%
the person who breaks ties in the senate on legislation is the vice president
94%
the only way to stop a filibuster is a __ and it requires a 60% vote cloture
92%
__ spending is the money left over that the government gets to decide how it is spent discretionary
92%
when you have a republican president and congress controlled by democrats this is called __ government divided
90%
a __ committee is formed to iron out the differences in a bill before it goes to the president conference
88%
when you promise to vote yes on someone else bill in exchange for that person voting yes on your bill is called logrolling
88%
if your bill dies in committee to get it on to the floor for a vote you must file a __ discharge petition
86%
sending government funds back home is called pork barrel
86%
__ is when you identify strongly with a party partisanship
82%
No matching quizzes found
Score Distribution
Percent of People with Each Score
Percentile by Number Answered
Your Score History
You have not taken this quiz